Statistics for Kid Rock Charting Songs (Billboard Hot Rock)

Click here to take the quiz!

General Stats

  • This quiz has been taken 5 times
  • The average score is 3 of 9

Answer Stats

AlbumWeeks OnPeakArtist(s)Song% Correct
First Kiss15 Weeks#6Kid RockFirst Kiss
80%
Born Free19 Weeks#31Kid RockBorn Free
60%
Sweet Southern Sugar4 Weeks#9Kid RockPo-Dunk
40%
Sweet Southern Sugar5 Weeks#10Kid RockTennessee Mountain Top
40%
Non-Album Single2 Weeks#12Kid RockWe the People
40%
Non-Album Single2 Weeks#15Kid Rock ft. Monster TruckDon't Tell Me How To Live
20%
Sweet Southern Sugar1 Week#39Kid RockGreatest Show on Earth
20%
Rebel Soul3 Weeks#12Kid RockLet's Ride
20%
First Kiss1 Week#42Kid RockJesus and Bocephus
0%

Score Distribution

Percentile by Number Answered

Percent of People with Each Score

Your Score History

You have not taken this quiz